000 00482nam a2200181Ia 4500
001 13630
005 20260306164815.0
008 260306t2006||||xx |||||||||||||| ||spa||
041 _aESP
082 _a005.1
_bN93
100 _aNunes de Castro, Leandro
_eAUT
245 0 _aFundamentals of natural computing:
_bbasic concepts, algorithms, and applications
260 _c2006
300 _a662 páginas :
_c24 cm.
650 _aGEN
654 _aCCC
942 _cLIB
_dJUS
_fJUS
_2ddc
_n
999 _c13630
_d13630